000
00236nam a2200109Ia 4500
100
_a
YADAV/R.
942
_c
BK
245
_a
Applied thermodynamics
260
_b
CENTRAL PUBLICATION
_a
Allahabad
_c
2009
300
_a
996
546
_a
ENGLISH
999
_c
22595
_d
22595